[Event "1st 4NCL Spring Bank Holiday Congress"]
[Site "Basingstoke"]
[Date "2018.05.26"]
[Round "2"]
[Board "12"]
[White "Tombolis, Christopher"]
[Black "Tozer, Philip Aa"]
[Result "1/2-1/2"]
[WhiteElo "1864"]
[BlackElo "2171"]
[PlyCount "101"]
[EventDate "2018.05.25"]
[EventRounds "7"]
[EventCountry "ENG"]

1. d4 e6 2. Nf3 Nf6 3. c4 c5 4. d5 exd5 5. cxd5 d6 6. Nc3 g6 7. e4 Bg7 8. Be2
O-O 9. O-O Bg4 10. Nd2 Bxe2 11. Qxe2 a6 12. a4 Nbd7 13. Nc4 Qe7 14. Bf4 Ne8 15.
a5 Ne5 16. Bxe5 Bxe5 17. Nxe5 Qxe5 18. f4 Qd4+ 19. Qf2 Qxf2+ 20. Rxf2 Nc7 21.
e5 Rad8 22. exd6 Rxd6 23. Ne4 Rdd8 24. Rd1 f5 25. Nxc5 Rxd5 26. Rxd5 Nxd5 27.
Nxb7 Rb8 28. Nd6 Rb4 29. g3 Ra4 30. Nb7 Rb4 31. Nc5 Rb5 32. Nxa6 Rxa5 33. Rd2
Nf6 34. Nb4 Rb5 35. Rd4 Ne4 36. Nd3 Ra5 37. Nf2 Nf6 38. h3 Kf7 39. g4 fxg4 40.
Nxg4 Nd5 41. Ne5+ Ke6 42. Nc4 Rb5 43. Re4+ Kf6 44. Re5 Rb4 45. Rxd5 Rxc4 46.
Rd2 Rxf4 47. Rf2 Rxf2 48. Kxf2 g5 49. Ke3 Ke5 50. b4 h5 51. b5 1/2-1/2

[Event "1st 4NCL Spring Bank Holiday Congress"]
[Site "Basingstoke"]
[Date "2018.05.26"]
[Round "2"]
[Board "13"]
[White "Graham, Cassie M"]
[Black "Stewart, Ashley"]
[Result "0-1"]
[WhiteElo "1853"]
[BlackElo "2166"]
[PlyCount "102"]
[EventDate "2018.05.25"]
[EventRounds "7"]
[EventCountry "ENG"]

1. e4 c5 2. Nc3 g6 3. f4 Bg7 4. Nf3 Nc6 5. Bc4 e6 6. f5 Nge7 7. fxe6 dxe6 8. d3
O-O 9. O-O Na5 10. Qe1 Nxc4 11. dxc4 Nc6 12. Bf4 Nd4 13. Rf2 Qe7 14. e5 Nxf3+
15. Rxf3 f5 16. Qe3 b6 17. Nb5 Bb7 18. Rg3 Qd7 19. Nd6 Rad8 20. c3 Qc6 21. Rf1
Rxd6 22. exd6 Qe4 23. Qxe4 Bxe4 24. Re3 Rd8 25. Rd1 Rd7 26. Re2 Bf6 27. h3 e5
28. Be3 Kf7 29. b4 Ke6 30. bxc5 bxc5 31. Bxc5 Bc6 32. Bb4 e4 33. a3 f4 34. Rde1
e3 35. Rf1 g5 36. Rd1 a6 37. Rb1 Rb7 38. Rc1 Be4 39. Rd1 Kd7 40. Ree1 Rb8 41.
c5 Ra8 42. Ba5 Rb8 43. Bb4 a5 44. Rc1 axb4 45. axb4 Ra8 46. b5 Ra2 47. Ra1
Rxg2+ 48. Kf1 Rh2 49. b6 Bf3 50. Ra7+ Ke6 51. b7 Rh1# 0-1

[Event "1st 4NCL Spring Bank Holiday Congress"]
[Site "Basingstoke"]
[Date "2018.05.26"]
[Round "2"]
[Board "14"]
[White "Yoon, Jacob D"]
[Black "Benson, Paul J"]
[Result "1-0"]
[WhiteElo "2022"]
[BlackElo "1988"]
[PlyCount "49"]
[EventDate "2018.05.25"]
[EventRounds "7"]
[EventCountry "ENG"]

1. d4 f5 2. e4 fxe4 3. Nc3 Nf6 4. Bg5 c6 5. d5 e6 6. Nxe4 Qa5+ 7. Bd2 Qxd5 8.
Nxf6+ gxf6 9. Nf3 e5 10. Bd3 Qf7 11. Bf5 Na6 12. Qe2 d5 13. Bxc8 Rxc8 14. O-O-O
Bg7 15. Nh4 O-O 16. Nf5 Kh8 17. Nd6 Qd7 18. Nxc8 Rxc8 19. g4 c5 20. Rhg1 c4 21.
g5 f5 22. h4 c3 23. Bxc3 Rxc3 24. bxc3 e4 25. Qc4 1-0

[Event "1st 4NCL Spring Bank Holiday Congress"]
[Site "Basingstoke"]
[Date "2018.05.26"]
[Round "2"]
[Board "15"]
[White "Kramaley, David"]
[Black "Graham, David B"]
[Result "0-1"]
[WhiteElo "1819"]
[BlackElo "2150"]
[PlyCount "68"]
[EventDate "2018.05.25"]
[EventRounds "7"]
[EventCountry "ENG"]

1. d4 Nf6 2. Bf4 g6 3. Nc3 Bg7 4. e4 d6 5. Qd2 Nc6 6. O-O-O O-O 7. Bh6 e5 8.
Bxg7 Kxg7 9. d5 Nd4 10. f3 c5 11. Nb1 a6 12. c3 Nb5 13. g4 Qa5 14. Ne2 Bd7 15.
Ng3 Rac8 16. Bxb5 axb5 17. h4 Ng8 18. Rdg1 f6 19. g5 f5 20. h5 Ne7 21. hxg6
hxg6 22. Rh3 f4 23. Nh5+ gxh5 24. Rxh5 Be8 25. Rh7+ Kxh7 26. Qh2+ Kg8 27. Rh1
Bg6 28. Qh8+ Kf7 29. Qf6+ Ke8 30. Qxd6 Qc7 31. Qe6 Rd8 32. Rh6 Bf7 33. d6 Bxe6
34. dxc7 Rd6 0-1

[Event "1st 4NCL Spring Bank Holiday Congress"]
[Site "Basingstoke"]
[Date "2018.05.26"]
[Round "2"]
[Board "16"]
[White "Isaksen, Peter A"]
[Black "Amato, Giampiero"]
[Result "1/2-1/2"]
[WhiteElo "1813"]
[BlackElo "2075"]
[PlyCount "144"]
[EventDate "2018.05.25"]
[EventRounds "7"]
[EventCountry "ENG"]

1. e4 e5 2. Nf3 Nf6 3. Nxe5 d6 4. Nf3 Nxe4 5. d4 d5 6. Bd3 Nc6 7. O-O Be7 8.
Re1 Bg4 9. Be3 O-O 10. h3 Bh5 11. c4 Nb4 12. Be2 dxc4 13. Ne5 Bxe2 14. Qxe2 Nd6
15. Nc3 Nf5 16. Nxc4 Bf6 17. Rad1 Re8 18. Qg4 Nxe3 19. Rxe3 Nc2 20. Rxe8+ Qxe8
21. Nd5 Qc6 22. Nxf6+ Qxf6 23. a3 Rd8 24. Ne5 Qe6 25. Qe4 f6 26. Qxc2 fxe5 27.
Qxc7 Qd5 28. Re1 e4 29. Rc1 Qxd4 30. Qxb7 Rf8 31. Qb3+ Kh8 32. Rc2 Qd1+ 33. Kh2
Qd6+ 34. Qg3 Qd4 35. b4 g6 36. b5 Qf6 37. a4 Rf7 38. a5 Kg7 39. Rc6 Qd4 40. b6
axb6 41. axb6 Qxf2 42. Qxf2 Rxf2 43. b7 Rb2 44. Rc7+ Kf6 45. Rxh7 Kf5 46. Kg3
Rb3+ 47. Kf2 Rb2+ 48. Ke3 Rb3+ 49. Ke2 Kf4 50. Rg7 Rb2+ 51. Kd1 g5 52. Kc1 Rb5
53. Kd2 e3+ 54. Kd3 Rb2 55. Rf7+ Kg3 56. Kxe3 Rb3+ 57. Ke4 Kxg2 58. Kf5 Rb5+
59. Kg4 Kh2 60. Rf2+ Kg1 61. Rf7 Kh2 62. Rg7 Kg2 63. Rc7 Kh2 64. Rc2+ Kg1 65.
h4 gxh4 66. Rc7 Rb4+ 67. Kf3 Rb3+ 68. Ke2 Rb2+ 69. Ke3 h3 70. Rg7+ Kf1 71. Rh7
h2 72. Rxh2 Rxb7 1/2-1/2

[Event "1st 4NCL Spring Bank Holiday Congress"]
[Site "Basingstoke"]
[Date "2018.05.26"]
[Round "2"]
[Board "17"]
[White "Burrows, Martin P"]
[Black "Akeya-Price, Robert A"]
[Result "1-0"]
[WhiteElo "2110"]
[BlackElo "1760"]
[PlyCount "78"]
[EventDate "2018.05.25"]
[EventRounds "7"]
[EventCountry "ENG"]

1. e4 c6 2. c4 d5 3. cxd5 cxd5 4. exd5 Nf6 5. Qa4+ Nfd7 6. Nc3 g6 7. Nf3 Bg7 8.
Bc4 O-O 9. d3 a6 10. Qa3 Nb6 11. Qb3 Bf5 12. Be3 N8d7 13. O-O Rc8 14. Rfe1 Nc5
15. Qb4 Nbd7 16. d4 Ne4 17. Nxe4 Bxe4 18. Nd2 Nb6 19. Bg5 Nxc4 20. Nxe4 Qxd5
21. Bxe7 Rfe8 22. Nf6+ Bxf6 23. Bxf6 Re6 24. Rxe6 Qxe6 25. Bg5 Nb6 26. Re1 Nd5
27. Rxe6 Nxb4 28. Rb6 Rc4 29. h4 Rxd4 30. Rxb7 f5 31. a3 Nd3 32. Ra7 Rd6 33. b4
Ne5 34. Kf1 Nc4 35. a4 Nb2 36. a5 Nd3 37. Rb7 Re6 38. Re7 Rc6 39. Bd2 Rc2 1-0

[Event "1st 4NCL Spring Bank Holiday Congress"]
[Site "Basingstoke"]
[Date "2018.05.26"]
[Round "2"]
[Board "18"]
[White "Chapman, Matt"]
[Black "Moore, Geoffrey R"]
[Result "1/2-1/2"]
[WhiteElo "2087"]
[BlackElo "2011"]
[PlyCount "50"]
[EventDate "2018.05.25"]
[EventRounds "7"]
[EventCountry "ENG"]

1. e4 e6 2. d4 d5 3. Nd2 h6 4. Bd3 c5 5. exd5 exd5 6. Qe2+ Be6 7. dxc5 Bxc5 8.
Ngf3 Nc6 9. O-O Nge7 10. Nb3 Bb6 11. c3 O-O 12. Be3 Re8 13. Nbd4 Bg4 14. Qd2
Qd6 15. Rfe1 Qf6 16. Bc2 Bh5 17. Ba4 Red8 18. Rad1 Ne5 19. Nxe5 Bxd1 20. Bxd1
Qxe5 21. Bf4 Qf6 22. Be5 Qh4 23. Bg3 Qf6 24. Be5 Qh4 25. Bg3 Qf6 1/2-1/2

[Event "1st 4NCL Spring Bank Holiday Congress"]
[Site "Basingstoke"]
[Date "2018.05.26"]
[Round "2"]
[Board "19"]
[White "Jamroz, Krzysztof"]
[Black "Dilleigh, Stephen P"]
[Result "1-0"]
[WhiteElo "2000"]
[BlackElo "2056"]
[PlyCount "57"]
[EventDate "2018.05.25"]
[EventRounds "7"]
[EventCountry "ENG"]

1. e4 e6 2. d4 d5 3. Bd3 dxe4 4. Bxe4 Nf6 5. Bf3 c5 6. Ne2 Nc6 7. Be3 cxd4 8.
Nxd4 Ne5 9. Nc3 Bb4 10. Ndb5 Qxd1+ 11. Bxd1 O-O 12. Nc7 Rb8 13. Bxa7 Bd7 14.
Bxb8 Rxb8 15. a4 Ne4 16. O-O Nxc3 17. bxc3 Bxc3 18. Ra3 Ba5 19. Nb5 Nc4 20. Rd3
Bc6 21. c3 Ne5 22. Re3 Nc4 23. Re2 Bxb5 24. axb5 Nd6 25. Ra2 Bxc3 26. Be2 Bd4
27. Rc1 e5 28. Rc7 Rd8 29. Rd7 1-0

[Event "1st 4NCL Spring Bank Holiday Congress"]
[Site "Basingstoke"]
[Date "2018.05.26"]
[Round "2"]
[Board "20"]
[White "Jukes, Sam"]
[Black "Ahluwalia, Amardip"]
[Result "0-1"]
[WhiteElo "1797"]
[BlackElo "2019"]
[PlyCount "112"]
[EventDate "2018.05.25"]
[EventRounds "7"]
[EventCountry "ENG"]

1. e4 e5 2. Nf3 Nc6 3. Bc4 Bc5 4. c3 Nf6 5. d3 a6 6. Bb3 d6 7. O-O Ba7 8. Nbd2
O-O 9. Re1 Ne7 10. Nf1 Ng6 11. d4 Bg4 12. Bc2 Bxf3 13. Qxf3 exd4 14. c4 Ne5 15.
Qe2 Nfg4 16. Bd3 Qf6 17. Rd1 Nxd3 18. Rxd3 Ne5 19. Rg3 d3 20. Qe1 Nxc4 21. Rxd3
Nxb2 22. Bxb2 Qxb2 23. Ne3 Bxe3 24. Rxe3 b5 25. Rb3 Qe5 26. Rc1 c5 27. Rd3 Rad8
28. Rcd1 Rfe8 29. g3 g6 30. f3 d5 31. Qa5 d4 32. Qxa6 c4 33. R3d2 Rd6 34. Qa3
Red8 35. Rc2 d3 36. Rc3 Qd4+ 37. Kg2 Rb8 38. Qb4 Ra8 39. a3 Raa6 40. Rd2 Ra4
41. Qb2 Rda6 42. Qc1 Ra8 43. h4 h5 44. Kh3 R4a6 45. Kg2 Qd6 46. Ra2 Ra5 47. Kh2
Kh7 48. Kg2 Rxa3 49. Rcxa3 Rxa3 50. Rxa3 d2 51. Qd1 Qxa3 52. Qxd2 c3 53. Qd5
Qb2+ 54. Kg1 c2 55. Qxf7+ Qg7 56. Qf4 Qa1+ 0-1

[Event "1st 4NCL Spring Bank Holiday Congress"]
[Site "Basingstoke"]
[Date "2018.05.26"]
[Round "2"]
[Board "21"]
[White "Prior, Stephen Cv"]
[Black "Niedbal, Piotr"]
[Result "1-0"]
[WhiteElo "2014"]
[BlackElo "1907"]
[PlyCount "103"]
[EventDate "2018.05.25"]
[EventRounds "7"]
[EventCountry "ENG"]

1. d4 Nf6 2. Bf4 g6 3. e3 Bg7 4. Nf3 c5 5. c3 b6 6. Nbd2 O-O 7. Be2 Bb7 8. O-O
d5 9. h3 Nc6 10. b4 cxb4 11. cxb4 Nxb4 12. Qa4 Nc6 13. Rfc1 Rc8 14. Bb5 Na5 15.
Nb3 a6 16. Nxa5 bxa5 17. Bd3 Nd7 18. Rab1 Re8 19. Rc2 Rxc2 20. Qxc2 Qc8 21. Qa4
e5 22. Nxe5 Nxe5 23. Bxe5 Bxe5 24. dxe5 Rxe5 25. Qxa5 Rg5 26. Rxb7 Rxg2+ 27.
Kxg2 Qxb7 28. Qxa6 Qd7 29. Qf6 Qb7 30. Qd4 Qa8 31. a4 Qd8 32. Be2 Qg5+ 33. Qg4
Qe5 34. Bf3 h5 35. Qd4 Qg5+ 36. Kh2 Qf5 37. Qxd5 Qc2 38. Qa8+ Kg7 39. Kg2 Qf5
40. Qe4 Qg5+ 41. Kh2 Qa5 42. Qd5 Qa6 43. Qb5 Qf6 44. Kg2 Qh4 45. a5 g5 46. Qe5+
f6 47. Qd4 g4 48. hxg4 Qg5 49. a6 Qa5 50. a7 hxg4 51. Qxg4+ Kf7 52. a8=Q 1-0

[Event "1st 4NCL Spring Bank Holiday Congress"]
[Site "Basingstoke"]
[Date "2018.05.26"]
[Round "3"]
[Board "1"]
[White "Merry, Alan B"]
[Black "Nunn, John Dm"]
[Result "1/2-1/2"]
[WhiteElo "2439"]
[BlackElo "2579"]
[PlyCount "70"]
[EventDate "2018.05.25"]
[EventRounds "7"]
[EventCountry "ENG"]

1. e4 c5 2. Nf3 d6 3. Bb5+ Nd7 4. c3 Ngf6 5. Bd3 g6 6. Bc2 Bg7 7. d4 O-O 8. e5
dxe5 9. dxe5 Ng4 10. e6 fxe6 11. Qe2 Nde5 12. Nbd2 Nxf3+ 13. Nxf3 Qc7 14. h4
Ne5 15. h5 Bd7 16. hxg6 Nxf3+ 17. gxf3 hxg6 18. Bxg6 Qe5 19. Be3 Bc6 20. f4 Qd5
21. Rh5 Qg2 22. Rg5 Qh1+ 23. Qf1 Qxf1+ 24. Kxf1 Bh6 25. Rg4 e5 26. Be4+ Kf7 27.
Bxc6 bxc6 28. fxe5 Bxe3 29. fxe3 Rh8 30. Rd1 Rh2 31. Rg2 Rxg2 32. Kxg2 Ke6 33.
Kf3 Rf8+ 34. Ke2 Rh8 35. b3 Rh2+ 1/2-1/2

[Event "1st 4NCL Spring Bank Holiday Congress"]
[Site "Basingstoke"]
[Date "2018.05.26"]
[Round "3"]
[Board "2"]
[White "Bukojemski, Adam"]
[Black "Colovic, Aleksandar"]
[Result "1/2-1/2"]
[WhiteElo "2194"]
[BlackElo "2440"]
[PlyCount "58"]
[EventDate "2018.05.25"]
[EventRounds "7"]
[EventCountry "ENG"]

1. e4 c5 2. Nf3 d6 3. Bb5+ Nc6 4. O-O Bd7 5. Re1 Nf6 6. c3 a6 7. Bf1 Bg4 8. h3
Bxf3 9. Qxf3 e6 10. b3 Be7 11. Bb2 Qb6 12. Na3 d5 13. exd5 Nxd5 14. Nc2 O-O 15.
Rad1 Bf6 16. Ba1 Nde7 17. Ne3 Rad8 18. Qg3 Ng6 19. Nc4 Qa7 20. a4 b5 21. axb5
axb5 22. Nd6 Qa2 23. c4 Bxa1 24. Rxa1 Qxd2 25. Red1 Qb2 26. Rab1 Qa2 27. Ra1
Qb2 28. Rab1 Qa2 29. Ra1 Qb2 1/2-1/2

[Event "1st 4NCL Spring Bank Holiday Congress"]
[Site "Basingstoke"]
[Date "2018.05.26"]
[Round "3"]
[Board "3"]
[White "Bates, Richard A"]
[Black "Willmoth, Robert F"]
[Result "1/2-1/2"]
[WhiteElo "2371"]
[BlackElo "2186"]
[PlyCount "54"]
[EventDate "2018.05.25"]
[EventRounds "7"]
[EventCountry "ENG"]

1. d4 d6 2. g3 Nf6 3. Nf3 Nbd7 4. Bg2 e5 5. c4 Be7 6. O-O O-O 7. Nc3 Re8 8. e4
c6 9. h3 Bf8 10. Qc2 a6 11. d5 cxd5 12. cxd5 b5 13. Be3 Nb6 14. Nd2 Bd7 15. b4
Qb8 16. Rfc1 Rc8 17. Bf1 Ra7 18. Qb3 Rac7 19. Rc2 Be7 20. Rac1 Bd8 21. Kh2 h5
22. Be2 Na4 23. Nd1 Rxc2 24. Rxc2 Rc7 25. Nb2 Rxc2 26. Qxc2 Nxb2 27. Qxb2 Bb6
 1/2-1/2

[Event "1st 4NCL Spring Bank Holiday Congress"]
[Site "Basingstoke"]
[Date "2018.05.26"]
[Round "3"]
[Board "4"]
[White "Jackson, James P"]
[Black "Stewart, Ashley"]
[Result "1-0"]
[WhiteElo "2364"]
[BlackElo "2166"]
[PlyCount "67"]
[EventDate "2018.05.25"]
[EventRounds "7"]
[EventCountry "ENG"]

1. e4 c5 2. Nf3 g6 3. d4 cxd4 4. Nxd4 Nc6 5. c4 Nf6 6. Nc3 Nxd4 7. Qxd4 d6 8.
f3 Bg7 9. Be3 O-O 10. Qd2 a5 11. b3 Be6 12. Rc1 Nd7 13. Be2 Nc5 14. O-O f5 15.
exf5 gxf5 16. f4 Kh8 17. Bf3 Rg8 18. Bd4 Qe8 19. Rfe1 Qg6 20. Re2 Rae8 21. Rce1
Bxd4+ 22. Qxd4+ Rg7 23. Nd1 h6 24. Nf2 Kh7 25. Nh1 h5 26. Nf2 Bd7 27. Nh3 Bc6
28. Bxc6 bxc6 29. Ng5+ Kg8 30. Re6 Nxe6 31. Rxe6 Qxe6 32. Nxe6 Rg6 33. Qe3 Kf7
34. Ng5+ 1-0

[Event "1st 4NCL Spring Bank Holiday Congress"]
[Site "Basingstoke"]
[Date "2018.05.26"]
[Round "3"]
[Board "5"]
[White "Golding, Alex"]
[Black "Rushbrooke, Remy"]
[Result "1-0"]
[WhiteElo "2224"]
[BlackElo "1842"]
[PlyCount "125"]
[EventDate "2018.05.25"]
[EventRounds "7"]
[EventCountry "ENG"]

1. d4 Nf6 2. c4 Nc6 3. Nf3 e6 4. a3 d6 5. Bg5 h6 6. Bh4 g5 7. Bg3 Bg7 8. Qc2 g4
9. d5 exd5 10. cxd5 Nxd5 11. Nfd2 Qf6 12. e4 Nde7 13. Nc3 Be6 14. Bc4 h5 15.
Bxe6 fxe6 16. e5 Qf5 17. Qxf5 Nxf5 18. Nb5 O-O-O 19. exd6 Nxd6 20. Nxd6+ cxd6
21. Nc4 e5 22. Bh4 Rd7 23. Ne3 e4 24. O-O-O Ne5 25. Kb1 Nd3 26. Nf5 Be5 27. Rd2
Rf8 28. Ne7+ Kb8 29. Ng6 Rc8 30. Nxe5 Nxe5 31. Rd5 Nc4 32. Re1 Rc5 33. Rxc5
dxc5 34. Kc1 Rd4 35. Bf6 Rd6 36. Be7 Re6 37. Bxc5 Rc6 38. Bd4 Nxa3+ 39. Kd2
Nc4+ 40. Ke2 Nxb2 41. Ra1 a6 42. Ke3 Nc4+ 43. Kxe4 Nd6+ 44. Kd5 Nc4 45. f4 gxf3
46. gxf3 Nd2 47. Ra3 Rc2 48. f4 Rc1 49. Rd3 Nc4 50. f5 b5 51. Rf3 Rd1 52. f6
Nb6+ 53. Ke4 Nd7 54. f7 Re1+ 55. Kd5 Nf8 56. Be5+ Kb7 57. Kd6 a5 58. Bg7 Ng6
59. Rf6 Rd1+ 60. Kc5 Ne5 61. Rb6+ Ka7 62. Bxe5 Rf1 63. Rf6 1-0

[Event "1st 4NCL Spring Bank Holiday Congress"]
[Site "Basingstoke"]
[Date "2018.05.26"]
[Round "3"]
[Board "6"]
[White "Graham, David B"]
[Black "Villiers, Thomas"]
[Result "1-0"]
[WhiteElo "2150"]
[BlackElo "2195"]
[PlyCount "101"]
[EventDate "2018.05.25"]
[EventRounds "7"]
[EventCountry "ENG"]

1. e4 d5 2. exd5 Nf6 3. d4 Qxd5 4. Nc3 Qd8 5. Bc4 e6 6. Nf3 Be7 7. O-O O-O 8.
Qe2 b6 9. Bg5 Bb7 10. Rad1 Nbd7 11. Ne5 Nd5 12. Bxd5 exd5 13. Nc6 Bxc6 14. Bxe7
Qc8 15. Bxf8 Nxf8 16. Qf3 Qd7 17. Rfe1 Ne6 18. Ne2 Ng5 19. Qf4 Ne4 20. Ng3 Nd6
21. h3 Re8 22. Qg4 Qxg4 23. Rxe8+ Bxe8 24. hxg4 f6 25. Nf5 Nxf5 26. gxf5 Kf7
27. Re1 Bd7 28. g4 h6 29. Kg2 a6 30. Kg3 Bb5 31. Re3 Bd7 32. Rc3 c6 33. Rb3 b5
34. a4 Ke7 35. axb5 cxb5 36. Ra3 Bc8 37. Kh4 Bb7 38. Kh5 b4 39. Ra4 Kf7 40.
Rxb4 Bc6 41. Rb6 Bb5 42. Rd6 Kg8 43. Rxd5 Bc6 44. Rc5 Bd7 45. Kh4 h5 46. gxh5
g5+ 47. fxg6 a5 48. h6 f5 49. Rd5 f4 50. Rxd7 f3 51. Rd8# 1-0

[Event "1st 4NCL Spring Bank Holiday Congress"]
[Site "Basingstoke"]
[Date "2018.05.26"]
[Round "3"]
[Board "7"]
[White "Ahluwalia, Amardip"]
[Black "Merriman, John"]
[Result "1-0"]
[WhiteElo "2019"]
[BlackElo "2270"]
[PlyCount "113"]
[EventDate "2018.05.25"]
[EventRounds "7"]
[EventCountry "ENG"]

1. c4 e5 2. g3 c5 3. Bg2 Nc6 4. Nc3 g6 5. d3 Bg7 6. e3 Nge7 7. Nge2 d6 8. O-O
Bg4 9. h3 Be6 10. Rb1 Qd7 11. Kh2 h5 12. Nd5 f5 13. h4 Rb8 14. Nec3 O-O 15. a3
a6 16. Nb6 Qd8 17. Ncd5 Bf7 18. b4 Nxd5 19. Nxd5 b5 20. Qe2 Ne7 21. Nxe7+ Qxe7
22. Bd2 e4 23. cxb5 exd3 24. Qxd3 c4 25. Qc2 axb5 26. Bc3 Be5 27. Kg1 Qf6 28.
Rbc1 Rb6 29. f4 Bxc3 30. Qxc3 Kg7 31. Rfd1 Qxc3 32. Rxc3 Re8 33. Kf2 Re7 34.
Ke2 Ra7 35. Rd2 Rba6 36. Kd1 Rxa3 37. Rxa3 Rxa3 38. Rxd6 Rxe3 39. Bc6 Rb3 40.
Bxb5 Rxb4 41. Ba6 Rb3 42. Rd7 Rb4 43. Rc7 Kf6 44. Kc2 Ra4 45. Rc6+ Kg7 46. Bb5
Ra2+ 47. Kd1 Rb2 48. Ba6 Kh6 49. Bc8 Bd5 50. Rc5 Bf3+ 51. Ke1 Be2 52. Be6 Rc2
53. Rc7 Bd3 54. Bg8 Re2+ 55. Kd1 g5 56. hxg5+ Kg6 57. Bh7# 1-0

[Event "1st 4NCL Spring Bank Holiday Congress"]
[Site "Basingstoke"]
[Date "2018.05.26"]
[Round "3"]
[Board "8"]
[White "O'Gorman, Tom"]
[Black "Yoon, Jacob D"]
[Result "1-0"]
[WhiteElo "2255"]
[BlackElo "2022"]
[PlyCount "57"]
[EventDate "2018.05.25"]
[EventRounds "7"]
[EventCountry "ENG"]

1. e4 c5 2. Nf3 e6 3. d4 cxd4 4. Nxd4 a6 5. Bd3 Nc6 6. Nxc6 dxc6 7. O-O e5 8.
Nd2 Bd6 9. a4 a5 10. Nc4 Bc7 11. b3 Ne7 12. Bb2 Ng6 13. Ba3 Be6 14. Qf3 Qg5 15.
Qg3 Qf6 16. Qe3 Nf4 17. Rad1 Nxd3 18. Rxd3 Bxc4 19. bxc4 Qe6 20. Rb1 Rb8 21.
Qg5 g6 22. Qh6 Bd8 23. Rd6 Qe7 24. Qg7 Rf8 25. Rxd8+ Rxd8 26. Bxe7 Kxe7 27.
Qxe5+ Kd7 28. Rxb7+ Kc8 29. Qc7# 1-0

[Event "1st 4NCL Spring Bank Holiday Congress"]
[Site "Basingstoke"]
[Date "2018.05.26"]
[Round "3"]
[Board "9"]
[White "Tozer, Philip Aa"]
[Black "Prior, Stephen Cv"]
[Result "1/2-1/2"]
[WhiteElo "2171"]
[BlackElo "2014"]
[PlyCount "63"]
[EventDate "2018.05.25"]
[EventRounds "7"]
[EventCountry "ENG"]

1. c4 e5 2. g3 Nf6 3. Bg2 c6 4. d4 Bb4+ 5. Bd2 Bxd2+ 6. Qxd2 exd4 7. Qxd4 d6 8.
Nf3 O-O 9. O-O Qe7 10. Nc3 Rd8 11. Rad1 Na6 12. e4 Bg4 13. h3 Bxf3 14. Bxf3 Nc7
15. Rfe1 Ne6 16. Qe3 a5 17. Bg2 Nc5 18. b3 h6 19. Rd4 Rd7 20. Red1 Rad8 21. Qe1
Ne6 22. R4d3 Nc5 23. Re3 Re8 24. Ne2 Qd8 25. Nd4 g6 26. a3 Rde7 27. f3 Qb6 28.
Kh2 Qc7 29. b4 axb4 30. axb4 Ne6 31. Qd2 Kh7 32. Rd3 1/2-1/2

[Event "1st 4NCL Spring Bank Holiday Congress"]
[Site "Basingstoke"]
[Date "2018.05.26"]
[Round "3"]
[Board "10"]
[White "Ratnesan, Ranesh"]
[Black "Stoyanov, Viktor"]
[Result "1/2-1/2"]
[WhiteElo "2039"]
[BlackElo "2129"]
[PlyCount "100"]
[EventDate "2018.05.25"]
[EventRounds "7"]
[EventCountry "ENG"]

1. Nf3 Nf6 2. c4 c5 3. b3 g6 4. Bb2 Bg7 5. g3 O-O 6. Bg2 Nc6 7. O-O d6 8. e3
Rb8 9. d4 cxd4 10. Nxd4 Bd7 11. Nc3 a6 12. Nd5 Nxd4 13. Bxd4 Nxd5 14. cxd5 Rc8
15. Bxg7 Kxg7 16. Qd4+ Kg8 17. Rfc1 Qa5 18. a4 Rxc1+ 19. Rxc1 Rc8 20. Rxc8+
Bxc8 21. Bf1 Qe1 22. Qh4 Bf5 23. Kg2 f6 24. Qc4 Bd7 25. Bd3 Qa5 26. e4 Kg7 27.
Qd4 Qd2 28. Qc4 b5 29. Qc2 Qxc2 30. Bxc2 bxa4 31. bxa4 a5 32. f4 Kf7 33. f5 g5
34. g4 Ke8 35. Kf3 Kd8 36. Ke3 Kc7 37. Kd4 Kb6 38. Bb3 Be8 39. Bd1 h6 40. Kc4
Bd7 41. Kd4 Bc8 42. Be2 Bd7 43. Bd1 Bc8 44. Be2 Ba6 45. Bxa6 Kxa6 46. Kc4 Kb6
47. Kd4 Kb7 48. Kd3 Kc7 49. Kc4 Kb6 50. Kd4 Ka6 1/2-1/2

[Event "1st 4NCL Spring Bank Holiday Congress"]
[Site "Basingstoke"]
[Date "2018.05.26"]
[Round "3"]
[Board "11"]
[White "Makkar, Rajat"]
[Black "Burrows, Martin P"]
[Result "1/2-1/2"]
[WhiteElo "1811"]
[BlackElo "2110"]
[PlyCount "70"]
[EventDate "2018.05.25"]
[EventRounds "7"]
[EventCountry "ENG"]

1. d4 Nf6 2. c4 e6 3. g3 d5 4. Nf3 dxc4 5. Qa4+ Nbd7 6. Qxc4 a6 7. Bg2 b5 8.
Qd3 Bb7 9. O-O c5 10. Rd1 c4 11. Qc2 Bb4 12. Nc3 O-O 13. Ng5 Bxg2 14. Kxg2 h6
15. Nf3 Be7 16. a3 Qb6 17. e4 a5 18. e5 Nd5 19. Nxd5 exd5 20. Ne1 Rac8 21. f4
f5 22. h3 b4 23. axb4 axb4 24. Nf3 b3 25. Qe2 Qe6 26. Qe1 Ra8 27. Bd2 Nb6 28.
Ba5 Rfb8 29. Ng1 Nc8 30. Ne2 Na7 31. Bc3 Nb5 32. Rxa8 Rxa8 33. Ra1 Rb8 34. Bb4
Bd8 35. Bc5 Bc7 1/2-1/2

[Event "1st 4NCL Spring Bank Holiday Congress"]
[Site "Basingstoke"]
[Date "2018.05.26"]
[Round "3"]
[Board "12"]
[White "Amato, Giampiero"]
[Black "Tombolis, Christopher"]
[Result "1-0"]
[WhiteElo "2075"]
[BlackElo "1864"]
[PlyCount "61"]
[EventDate "2018.05.25"]
[EventRounds "7"]
[EventCountry "ENG"]

1. d4 d5 2. Bg5 Nd7 3. Nf3 Ngf6 4. e3 c6 5. Bd3 g6 6. O-O Bg7 7. c4 dxc4 8.
Bxc4 Nb6 9. Bb3 O-O 10. Nc3 Bf5 11. Qe2 Ne4 12. Nxe4 Bxe4 13. Rfd1 a5 14. a3 a4
15. Ba2 Bd5 16. Bxd5 cxd5 17. Qb5 f6 18. Bf4 Nc4 19. e4 Ra5 20. Qb4 Kh8 21.
Rac1 e5 22. dxe5 fxe5 23. Bg5 Qa8 24. exd5 e4 25. Rxc4 exf3 26. Be7 Re8 27. d6
Rg5 28. Bxg5 fxg2 29. d7 b5 30. dxe8=Q+ Qxe8 31. Re4 1-0

[Event "1st 4NCL Spring Bank Holiday Congress"]
[Site "Basingstoke"]
[Date "2018.05.26"]
[Round "3"]
[Board "13"]
[White "Moore, Gerald"]
[Black "Howell, Oliver W"]
[Result "1-0"]
[WhiteElo "2064"]
[BlackElo "1831"]
[PlyCount "57"]
[EventDate "2018.05.25"]
[EventRounds "7"]
[EventCountry "ENG"]

1. Nf3 Nf6 2. c4 c5 3. Nc3 g6 4. e4 d6 5. d4 cxd4 6. Nxd4 Bg7 7. Be2 O-O 8. O-O
Nc6 9. Be3 a6 10. f3 Qc7 11. Rc1 Bd7 12. Qd2 Nxd4 13. Bxd4 Rfc8 14. b4 Qd8 15.
Rfd1 Be6 16. Na4 Nd7 17. Bxg7 Kxg7 18. c5 b5 19. cxb6 Rcb8 20. f4 Nxb6 21. Nc5
Kg8 22. Nxe6 fxe6 23. Bg4 Kf7 24. f5 exf5 25. exf5 Ra7 26. Rf1 Qg8 27. fxg6+
Ke8 28. gxh7 Qxh7 29. Qd4 1-0

[Event "1st 4NCL Spring Bank Holiday Congress"]
[Site "Basingstoke"]
[Date "2018.05.26"]
[Round "3"]
[Board "14"]
[White "Benson, Paul J"]
[Black "Jukes, Sam"]
[Result "1/2-1/2"]
[WhiteElo "1988"]
[BlackElo "1797"]
[PlyCount "79"]
[EventDate "2018.05.25"]
[EventRounds "7"]
[EventCountry "ENG"]

1. e4 e5 2. Nf3 Nc6 3. d4 exd4 4. Nxd4 Nf6 5. Nxc6 bxc6 6. Bd3 d5 7. exd5 cxd5
8. O-O Be7 9. Nd2 O-O 10. h3 c5 11. b3 d4 12. Qf3 Be6 13. Ne4 Bd5 14. Re1 Bxe4
15. Bxe4 Nxe4 16. Qxe4 Bd6 17. Bd2 Re8 18. Qc6 Re6 19. Rxe6 fxe6 20. Re1 Rc8
21. Qe4 e5 22. Qd5+ Kh8 23. Re4 Bb8 24. Qc4 Qg8 25. Qxg8+ Kxg8 26. f4 exf4 27.
Bxf4 Bxf4 28. Rxf4 Rf8 29. Rxf8+ Kxf8 30. Kf2 Ke7 31. Kf3 Kd6 32. Ke4 h5 33. h4
a6 34. a3 Ke6 35. Kd3 Kd5 36. c3 dxc3 37. Kxc3 Kd6 38. Kc4 Kc6 39. b4 cxb4 40.
axb4 1/2-1/2